Strategic Defense Initiative, folly or future? / (Record no. 6136)
[ view plain ]
| 000 -LEADER | |
|---|---|
| fixed length control field | 00814pam a2200277 a 4500 |
| 001 - CONTROL NUMBER | |
| JCCL Control Number | 6136 |
| 003 - CONTROL NUMBER IDENTIFIER | |
| JCCL marc code | BD-JhCC |
| 005 - DATE AND TIME OF LATEST TRANSACTION | |
| control field | 20180130161917.0 |
| 008 - FIXED-LENGTH DATA ELEMENTS--GENERAL INFORMATION | |
| fixed length control field | 860324s1986 cou b 001 0 eng |
| 020 ## - INTERNATIONAL STANDARD BOOK NUMBER | |
| International Standard Book Number | 0813304148 (alk. paper) : |
| Terms of availability | $24.00 |
| 020 ## - INTERNATIONAL STANDARD BOOK NUMBER | |
| International Standard Book Number | 0813304156 (pbk.) : |
| Terms of availability | $9.95 |
| 035 ## - SYSTEM CONTROL NUMBER | |
| system control number | (BD-JhCC) |
| 040 ## - CATALOGING SOURCE | |
| Original cataloging agency | DLC |
| Transcribing agency | DLC |
| Modifying agency | DLC |
| 041 ## - LANGUAGE CODE | |
| Language code of Book | eng |
| 050 00 - LIBRARY OF CONGRESS CALL NUMBER | |
| Classification number | UG743 |
| Item number | .S772 1986 |
| 082 00 - DEWEY DECIMAL CLASSIFICATION NUMBER | |
| Classification number | 358/.1754 |
| DDC Edition number | 19 |
| Author mark and Year | HEL 1986 |
| 100 ## - MAIN ENTRY--PERSONAL NAME | |
| Personal name | Haley, P. Edward |
| 245 00 - TITLE STATEMENT | |
| Title | Strategic Defense Initiative, folly or future? / |
| Statement of responsibility, etc | edited by P. Edward Haley and Jack Merritt. |
| 260 ## - PUBLICATION, DISTRIBUTION, ETC. (IMPRINT) | |
| Place of publication, distribution, etc | Boulder, Colo. : |
| Name of publisher, distributor, etc | Westview Press, |
| Date of publication, distribution, etc | 1986. |
| 300 ## - PHYSICAL DESCRIPTION | |
| Pagination | ix, 193 p. ; |
| Dimensions | 24 cm. |
| 504 ## - BIBLIOGRAPHY, ETC. NOTE | |
| Bibliography, etc | Includes bibliographies. |
| 650 #0 - SUBJECT ADDED ENTRY--TOPICAL TERM | |
| Topical term or geographic name as entry element | Strategic Defense Initiative. |
| 700 1# - ADDED ENTRY--PERSONAL NAME | |
| Personal name | Merritt, Jack. |
| 942 ## - ADDED ENTRY ELEMENTS (KOHA) | |
| Source of classification or shelving scheme | Dewey Decimal Classification |
| Koha item type | Books |
| Source of classification or shelving scheme | Damaged status | Not for loan | Home library | Current library | Shelving location | Total Checkouts | Full call number | Barcode | Date last seen | Copy number | Koha item type |
|---|---|---|---|---|---|---|---|---|---|---|---|
| Dewey Decimal Classification | JCC Rouf Library | JCC Rouf Library | General Stacks | 358/.1754 HEL 1986 | 8560 | 01/02/2018 | C - 1 | Books | |||
| Dewey Decimal Classification | JCC Rouf Library | JCC Rouf Library | General Stacks | 358/.1754 HEL 1986 | 9410 | 01/30/2018 | C-2 | Books |